[Event "GER-ch Seniors 18th"]
[Site "Dresden"]
[Date "2006.07.28"]
[Round "7"]
[White "Kaschte, Heinz"]
[Black "Brauner, Rudolf"]
[Result "0-1"]
[WhiteElo "1738"]
[BlackElo "1832"]
[PlyCount "122"]
[EventDate "2006.07.22"]
[EventType "swiss"]
[EventRounds "9"]
[EventCountry "GER"]
[SourceTitle "EXT 2022"]
[Source "ChessBase"]
[SourceDate "2021.10.06"]
[SourceVersion "1"]
[SourceVersionDate "2021.10.06"]
[SourceQuality "1"]

1. d4 g6 2. e4 d6 3. Nf3 Bg7 4. c3 c6 5. Bd3 Bg4 6. h3 Bxf3 7. Qxf3 Nd7 8. Bc4 Ngf6 9. Bg5 h6 10. Bf4 e5 11. dxe5 dxe5 12. Be3 Qe7 13. Nd2 0-0 14. Qe2 b5 15. Bb3 a5 16. 0-0 Rfd8 17. Bc2 Nc5 18. f3 Ne6 19. Qf2 Nf4 20. Bxf4 exf4 21. Rfd1 a4 22. Nf1 Nd7 23. a3 Ne5 24. Rxd8+ Rxd8 25. Rd1 Rxd1 26. Bxd1 Bf8 27. Be2 Qc5 28. Nd2 Qd6 29. Qd4 Nd7 30. Qxd6 Bxd6 31. Kf1 Kg7 32. Ke1 Kf6 33. Nf1 Ke5 34. Bd3 Nc5 35. Bc2 Nd7 36. Bd3 Nb6 37. Nd2 Kf6 38. Kd1 Bc5 39. c4 b4 40. axb4 Bxb4 41. Nf1 Ke5 42. Kc2 Kd4 43. Be2 Nxc4 44. b3 Ne3+ 45. Nxe3 Kxe3 46. Bc4 f6 47. Bf7 a3 48. Kb1 g5 49. Be8 c5 50. Kc2 Kf2 51. Bh5 Kxg2 52. Bg4 Kg3 53. Kb1 Kh4 54. Bf5 h5 55. Bg6 g4 56. hxg4 hxg4 57. fxg4 Kxg4 58. Bf7 Kf3 59. Bd5 Ke3 60. Kc2 f3 61. Bc4 Kxe4 0-1

[Event "Hessenliga 0405"]
[Site "Germany"]
[Date "2005.01.23"]
[Round "5.8"]
[White "Viehmann, Werner"]
[Black "Brauner, Rudolf"]
[Result "1/2-1/2"]
[WhiteElo "2120"]
[BlackElo "2036"]
[PlyCount "150"]
[EventDate "2004.09.26"]
[EventType "team-tourn"]
[EventRounds "9"]
[EventCountry "GER"]
[SourceTitle "EXT 2006"]
[Source "ChessBase"]
[SourceDate "2005.11.24"]
[SourceVersion "1"]
[SourceVersionDate "2005.11.24"]
[SourceQuality "1"]
[WhiteTeam "Limburg"]
[BlackTeam "Hofheim II"]
[WhiteTeamCountry "GER"]
[BlackTeamCountry "GER"]

1. e4 c6 2. d3 d5 3. Nc3 g6 4. g3 Bg7 5. Bg2 d4 6. Nce2 c5 7. Nf3 Nc6 8. 0-0 e5 9. Nd2 Nge7 10. a4 0-0 11. Nc4 Be6 12. f4 f6 13. Kh1 Qd7 14. Ng1 b6 15. b3 Nc8 16. f5 gxf5 17. exf5 Bd5 18. Qg4 Bxg2+ 19. Kxg2 Nd6 20. Nxd6 Qxd6 21. Qe4 Ne7 22. Ne2 Rad8 23. Bd2 a5 24. g4 h6 25. Rf3 Kf7 26. Rh3 Rh8 27. Ng3 Qd5 28. Rf1 Rdg8 29. Kf3 Qd7 30. Rg1 Nd5 31. Nf1 Ke7 32. Rh5 Kd6 33. Rg3 Qf7 34. Rgh3 Nc3 35. Bxc3 dxc3 36. Ne3 Rd8 37. Nd1 Kc7 38. Nxc3 Kb8 39. Nb5 Qd7 40. Rg3 Qc8 41. Rg2 Rhe8 42. Re2 Re7 43. Rh3 Red7 44. Kg3 Bf8 45. Qc4 Rd5 46. Re4 Qc6 47. Kf2 Qd7 48. Rhe3 h5 49. h3 Bh6 50. Rf3 hxg4 51. hxg4 Qg7 52. Nc3 R5d6 53. Ne2 Qg5 54. Rh3 Qg7 55. c3 Bd2 56. d4 cxd4 57. cxd4 Bg5 58. b4 Rc8 59. Qb5 Qb7 60. dxe5 Rd5 61. Rh7 Rxb5 62. Rxb7+ Kxb7 63. axb5 fxe5 64. bxa5 bxa5 65. Rxe5 a4 66. Re6 a3 67. Ra6 Ra8 68. Rxa8 Kxa8 69. Nc3 Bf6 70. Na2 Kb7 71. Kf3 Kb6 72. Kf4 Kxb5 73. g5 Bb2 74. f6 Kc4 75. Kf5 Kb3 1/2-1/2

[Event "EU-ch Seniors 05th"]
[Site "Bad Homburg"]
[Date "2005.??.??"]
[Round "9"]
[White "Brauner, Rudolf"]
[Black "Petroschka, Bernd"]
[Result "1/2-1/2"]
[WhiteElo "2036"]
[BlackElo "1868"]
[PlyCount "81"]
[EventDate "2005.06.25"]
[EventType "swiss"]
[EventRounds "9"]
[EventCountry "GER"]
[SourceTitle "EXT 2006"]
[Source "ChessBase"]
[SourceDate "2005.11.24"]
[SourceVersion "1"]
[SourceVersionDate "2005.11.24"]
[SourceQuality "1"]

1. Nf3 Nf6 2. c4 e6 3. Nc3 d5 4. d4 Nbd7 5. e3 Be7 6. Qc2 0-0 7. e4 dxe4 8. Nxe4 Nxe4 9. Qxe4 Nf6 10. Qc2 c5 11. dxc5 Qa5+ 12. Bd2 Qxc5 13. Bd3 b6 14. Ng5 h6 15. Ne4 Qc7 16. Bc3 Nxe4 17. Bxe4 Bb7 18. 0-0 Bd6 19. h3 Rfe8 20. b3 e5 21. Rad1 Rad8 22. Bxb7 Qxb7 23. Rd5 Be7 24. Rfd1 f6 25. Qf5 Qc8 26. g4 Rxd5 27. Rxd5 Rd8 28. Qd3 Kh8 29. Rxd8+ Bxd8 30. Bb4 Bc7 31. Kg2 Qb7+ 32. f3 Qc6 33. h4 a6 34. Qd5 Qxd5 35. cxd5 Kg8 36. Kf2 Kf7 37. Ke3 h5 38. Ke4 g5 39. hxg5 h4 40. Ke3 fxg5 41. Kf2 1/2-1/2

[Event "GER-ch Seniors 15th"]
[Site "Bad Wiessee"]
[Date "2003.05.11"]
[Round "2.1"]
[White "Klundt, Klaus"]
[Black "Brauner, Rudolf"]
[Result "1-0"]
[WhiteElo "2378"]
[BlackElo "2060"]
[PlyCount "97"]
[EventDate "2003.05.??"]
[EventType "swiss"]
[EventRounds "9"]
[EventCountry "GER"]
[SourceTitle "CBM 094 Extra"]
[Source "ChessBase"]
[SourceDate "2003.07.09"]
[SourceVersion "2"]
[SourceVersionDate "2003.07.09"]
[SourceQuality "1"]

1. e4 d5 2. exd5 Nf6 3. d4 Nxd5 4. Nf3 Bg4 5. Be2 e6 6. 0-0 Be7 7. h3 Bh5 8. c4 Nf6 9. Qb3 Qc8 10. Nc3 c6 11. d5 exd5 12. cxd5 0-0 13. Bf4 Rd8 14. Rfd1 cxd5 15. Nxd5 Nxd5 16. Rxd5 Rxd5 17. Qxd5 Bg6 18. Rc1 Nc6 19. Ne5 Bf6 20. Bf3 Bxe5 21. Bxe5 Qf5 22. Bc3 Qxd5 23. Bxd5 Rd8 24. Bf3 Bf5 25. b4 a6 26. Rd1 Rxd1+ 27. Bxd1 Be6 28. a3 Bd5 29. f3 f6 30. Bc2 Kf7 31. Kf2 g6 32. Ke3 Bc4 33. h4 h6 34. f4 f5 35. h5 Be6 36. hxg6+ Kxg6 37. g3 Kf7 38. a4 Ne7 39. Kd4 Bd5 40. Ke5 Be6 41. Kd6 Nd5 42. Bd2 Nf6 43. Be1 Ne4+ 44. Ke5 h5 45. Bd1 Nf6 46. Bf3 Ng4+ 47. Kd6 b6 48. Kc6 a5 49. Kxb6 1-0

[Event "Hessenliga 0203"]
[Site "Germany"]
[Date "2003.04.06"]
[Round "9.8"]
[White "Brauner, Rudolf"]
[Black "Bitsch, Volker"]
[Result "1-0"]
[WhiteElo "2015"]
[BlackElo "2075"]
[PlyCount "121"]
[EventDate "2002.10.??"]
[EventType "team-tourn"]
[EventRounds "9"]
[EventCountry "GER"]
[SourceTitle "EXT 2004"]
[Source "ChessBase"]
[SourceDate "2003.11.25"]
[SourceVersion "1"]
[SourceVersionDate "2003.11.25"]
[SourceQuality "1"]
[WhiteTeam "Hofheim II"]
[BlackTeam "Bensheim"]
[WhiteTeamCountry "GER"]
[BlackTeamCountry "GER"]

1. d4 f5 2. g3 g6 3. Bg2 Nf6 4. Nc3 Bg7 5. Bg5 d6 6. Qd2 Nc6 7. Rd1 0-0 8. Bh6 Bd7 9. Bxg7 Kxg7 10. e3 e5 11. Nge2 Qe8 12. 0-0 a6 13. Rfe1 Rd8 14. f4 b5 15. a3 Qe7 16. Nd5 Nxd5 17. Bxd5 e4 18. c4 Nb8 19. cxb5 axb5 20. Qa5 c6 21. Ba2 d5 22. Rc1 Be8 23. Rc2 Bf7 24. Rec1 Qb7 25. Bb3 Rc8 26. Nc3 Nd7 27. Na2 Nb6 28. Qc3 Kg8 29. Nb4 Nc4 30. Bxc4 dxc4 31. Kf2 Rfd8 32. Rd2 Rd6 33. Rcd1 Rcd8 34. Ke2 g5 35. Kf2 Qe7 36. Rg1 c5 37. Nc2 g4 38. Rgd1 Rh6 39. Kg1 Rhd6 40. Qa5 Qd7 41. Kf2 Rd5 42. Ke1 Qc6 43. dxc5 Qxc5 44. Rxd5 Rxd5 45. Rxd5 Qxd5 46. Nd4 Be8 47. a4 c3 48. Qxc3 bxa4 49. Qc8 Qd7 50. Nxf5 Qxc8 51. Ne7+ Kf7 52. Nxc8 Ke6 53. Kd2 Kd5 54. Kc3 Kc5 55. Ne7 Bf7 56. Nf5 h5 57. Nd4 Bd5 58. f5 Bf7 59. Ne6+ Kd6 60. Ng5 Bd5 61. Kd4 1-0

[Event "Hessen-ch Seniors"]
[Site "Bruchkoebel"]
[Date "2002.03.30"]
[Round "9"]
[White "Brauner, Rudolf"]
[Black "Rufft, Wolfgang"]
[Result "1/2-1/2"]
[WhiteElo "1838"]
[BlackElo "1979"]
[PlyCount "62"]
[EventDate "2002.03.22"]
[EventType "swiss"]
[EventRounds "9"]
[EventCountry "GER"]
[SourceTitle "EXT 2003"]
[Source "ChessBase"]
[SourceDate "2002.11.25"]
[SourceVersion "1"]
[SourceVersionDate "2002.11.25"]
[SourceQuality "1"]

1. Nf3 Nf6 2. c4 c5 3. Nc3 Nc6 4. d4 cxd4 5. Nxd4 g6 6. Nc2 Bg7 7. e4 d6 8. Be2 0-0 9. 0-0 Bd7 10. Be3 Rc8 11. f3 Na5 12. Na3 b6 13. Qd2 Qc7 14. Rac1 Nb7 15. Rfd1 Rfd8 16. Nab5 Qb8 17. b3 Bc6 18. Nd4 Bd7 19. Bf1 Nc5 20. Nde2 Qc7 21. Bg5 Ne6 22. Bxf6 Bxf6 23. Nd5 Qc5+ 24. Kh1 Bc6 25. Nxf6+ exf6 26. Nf4 Nxf4 27. Qxf4 Qe5 28. Qd2 f5 29. exf5 Qxf5 30. Rc3 Rd7 31. Bd3 Rcd8 1/2-1/2

[Event "Hessen-ch Seniors"]
[Site "Bruchkoebel"]
[Date "2002.03.24"]
[Round "3"]
[White "Schmidt, Erich"]
[Black "Brauner, Rudolf"]
[Result "1/2-1/2"]
[WhiteElo "1726"]
[BlackElo "1838"]
[PlyCount "110"]
[EventDate "2002.03.22"]
[EventType "swiss"]
[EventRounds "9"]
[EventCountry "GER"]
[SourceTitle "EXT 2003"]
[Source "ChessBase"]
[SourceDate "2002.11.25"]
[SourceVersion "1"]
[SourceVersionDate "2002.11.25"]
[SourceQuality "1"]

1. d4 Nf6 2. Bf4 d5 3. Nf3 Bf5 4. e3 c6 5. Bd3 Bxd3 6. Qxd3 Qb6 7. Qb3 Nbd7 8. Nbd2 e6 9. 0-0 Be7 10. Rfe1 0-0 11. c3 Qa6 12. Qc2 c5 13. Ne5 Rfd8 14. Ndf3 Rac8 15. Ng5 Nxe5 16. dxe5 Ne4 17. Nxe4 dxe4 18. c4 Qc6 19. Red1 a6 20. b3 f5 21. Rxd8+ Rxd8 22. Rd1 Rd7 23. Rd2 h5 24. h3 g5 25. Bh2 g4 26. hxg4 hxg4 27. Qd1 Rxd2 28. Qxd2 Kf7 29. Kf1 Ke8 30. Bf4 b5 31. Bg3 bxc4 32. bxc4 Qa4 33. Qe2 Bd8 34. Kg1 Bc7 35. Bf4 Kd7 36. Kh2 Kc8 37. Kg3 Kb7 38. Qb2+ Ka7 39. Qb3 Qxb3 40. axb3 Kb6 41. f3 gxf3 42. gxf3 Ka5 43. fxe4 fxe4 44. Kg4 Kb4 45. Kg5 Bd8+ 46. Kg6 Kxb3 47. Kf7 a5 48. Kxe6 a4 49. Kd5 Bc7 50. e6 Bxf4 51. e7 Bxe3 52. e8Q a3 53. Qb5+ Kc2 54. Qa4+ Kb2 55. Kxe4 Bd4 1/2-1/2

[Event "GER-ch Seniors 14th"]
[Site "Freudenstadt"]
[Date "2002.??.??"]
[Round "2"]
[White "Brauner, Rudolf"]
[Black "Khanukov, Boris"]
[Result "1/2-1/2"]
[WhiteElo "2015"]
[BlackElo "2350"]
[PlyCount "119"]
[EventDate "2002.??.??"]
[EventType "swiss"]
[EventRounds "9"]
[EventCountry "GER"]
[SourceTitle "EXT 2003"]
[Source "ChessBase"]
[SourceDate "2002.11.25"]
[SourceVersion "1"]
[SourceVersionDate "2002.11.25"]
[SourceQuality "1"]

1. d4 Nf6 2. c4 e6 3. Nc3 d5 4. Bg5 Be7 5. e3 0-0 6. Nf3 h6 7. Bh4 b6 8. cxd5 Nxd5 9. Bxe7 Qxe7 10. Bd3 c5 11. 0-0 Bb7 12. Rc1 Nd7 13. Qe2 cxd4 14. exd4 Nf4 15. Qe3 Nxd3 16. Qxd3 Rfd8 17. Rfd1 Nf6 18. Rd2 Rac8 19. Rcd1 Nd5 20. Nxd5 Bxd5 21. b3 Qb4 22. Ne5 Rc3 23. Qa6 Qe7 24. Qe2 Rdc8 25. Ng4 Qg5 26. Ne3 Rc1 27. h3 h5 28. Nxd5 Qxd5 29. Rxc1 Rxc1+ 30. Kh2 Rc8 31. Qe5 Rd8 32. Qxd5 Rxd5 33. f4 h4 34. Kg1 b5 35. Kf2 b4 36. Ke3 g6 37. Rc2 Ra5 38. Kd3 Rf5 39. Ke3 Ra5 40. Kd3 Ra3 41. Kc4 a5 42. d5 exd5+ 43. Kxd5 Kg7 44. Ke5 a4 45. bxa4 Rxa4 46. Rf2 Ra3 47. Rb2 Ra7 48. Kd6 Ra4 49. Kc6 Kf6 50. Kb6 Ra8 51. Kc5 Kf5 52. Kxb4 Kxf4 53. a4 Kg3 54. a5 f5 55. Rd2 f4 56. Kb5 f3 57. gxf3 Kxh3 58. Rd5 Kg3 59. Rg5+ Kxf3 60. Rxg6 1/2-1/2

[Event "Hessen-ch Seniors"]
[Site "Willingen"]
[Date "2001.04.08"]
[Round "3"]
[White "Kripp, Wolfgang"]
[Black "Brauner, Rudolf"]
[Result "1-0"]
[WhiteElo "2194"]
[BlackElo "2027"]
[PlyCount "77"]
[EventDate "2001.04.??"]
[EventType "swiss"]
[EventRounds "9"]
[EventCountry "GER"]
[SourceTitle "EXT 2002"]
[Source "ChessBase"]
[SourceDate "2001.11.25"]
[SourceVersion "1"]
[SourceVersionDate "2001.11.25"]
[SourceQuality "1"]

1. e4 e6 2. d4 d5 3. Nc3 dxe4 4. Nxe4 Bd7 5. Nf3 Bc6 6. Bd3 Nd7 7. 0-0 Be7 8. Qe2 h6 9. Rd1 Bxe4 10. Bxe4 c6 11. c4 Ngf6 12. d5 exd5 13. cxd5 cxd5 14. Bxd5 Nxd5 15. Rxd5 Qc7 16. Bd2 Nb6 17. Re5 Kf8 18. Re1 Re8 19. Bb4 Nc8 20. Rc5 Qd7 21. Rxc8 Qxc8 22. Bxe7+ Kg8 23. Qb5 Kh7 24. h3 Qc2 25. Qe5 Rc8 26. Nd4 Qg6 27. Re3 f6 28. Qe6 Rhe8 29. Rg3 Rc1+ 30. Kh2 Qb1 31. Rxg7+ Kxg7 32. Qxf6+ Kg8 33. Nf5 Qxf5 34. Qxf5 Rxe7 35. Qg6+ Rg7 36. Qxh6 Rc6 37. Qe3 a6 38. g4 Kf8 39. Kg3 1-0

[Event "GER-ch Seniors 13th"]
[Site "Dresden"]
[Date "2001.??.??"]
[Round "6"]
[White "Brauner, Rudolf"]
[Black "Neese, Hans Joachim"]
[Result "1/2-1/2"]
[WhiteElo "2027"]
[BlackElo "2134"]
[PlyCount "112"]
[EventDate "2001.07.??"]
[EventType "swiss"]
[EventRounds "9"]
[EventCountry "GER"]
[SourceTitle "CBM 084 Extra"]
[Source "ChessBase"]
[SourceDate "2001.10.26"]
[SourceVersion "1"]
[SourceVersionDate "2001.10.26"]
[SourceQuality "1"]

1. f4 d5 2. Nf3 Nf6 3. e3 g6 4. b3 Bg7 5. Bb2 0-0 6. Be2 c5 7. 0-0 Nc6 8. Na3 a6 9. Ne5 Qc7 10. Nxc6 Qxc6 11. c4 e6 12. Rc1 Rd8 13. Bf3 b6 14. Qe2 Bb7 15. d3 Rac8 16. Be5 Qd7 17. Rfd1 Qe7 18. Nb1 Bh6 19. g3 Ne8 20. Bb2 Nd6 21. e4 d4 22. Rc2 Bc6 23. Nd2 e5 24. fxe5 Qxe5 25. Nf1 f5 26. exf5 Qxe2 27. Bxe2 Nxf5 28. Bc1 Bxc1 29. Rcxc1 Re8 30. Bg4 Re5 31. Bxf5 Rxf5 32. Nd2 Re8 33. Re1 Rfe5 34. Kf2 Re3 35. b4 Rf8+ 36. Kg1 Rxd3 37. Nb3 cxb4 38. Rcd1 Rff3 39. Nxd4 Ba4 40. Rxd3 Rxd3 41. Ne6 Kf7 42. Ng5+ Kg7 43. Re6 Rd1+ 44. Kf2 Ra1 45. h4 h6 46. Ne4 Rxa2+ 47. Ke3 Bc2 48. Rxb6 Ra3+ 49. Kf4 Bxe4 50. Kxe4 Rxg3 51. Kd5 Rc3 52. c5 a5 53. c6 b3 54. Kd6 a4 55. c7 Rd3+ 56. Ke7 Rc3 1/2-1/2

[Event "GER-ch Seniors 13th"]
[Site "Dresden"]
[Date "2001.??.??"]
[Round "2"]
[White "Dahlhaus, Friedhelm"]
[Black "Brauner, Rudolf"]
[Result "1/2-1/2"]
[WhiteElo "2231"]
[BlackElo "2027"]
[PlyCount "91"]
[EventDate "2001.07.??"]
[EventType "swiss"]
[EventRounds "9"]
[EventCountry "GER"]
[SourceTitle "CBM 084 Extra"]
[Source "ChessBase"]
[SourceDate "2001.10.26"]
[SourceVersion "1"]
[SourceVersionDate "2001.10.26"]
[SourceQuality "1"]

1. e4 d5 2. exd5 Nf6 3. d4 Nxd5 4. c4 Nb6 5. Nf3 g6 6. Nc3 Bg7 7. h3 0-0 8. Be3 Nc6 9. Qd2 e5 10. d5 Ne7 11. g4 f5 12. 0-0-0 f4 13. Bc5 Re8 14. Ne4 Nd7 15. Bb4 h6 16. Bc3 Rf8 17. c5 a6 18. Bc4 Kh8 19. Bb3 c6 20. d6 Ng8 21. Rhe1 a5 22. Be6 Qe8 23. Bxg8 Kxg8 24. Kb1 a4 25. h4 Qe6 26. g5 h5 27. Nf6+ Bxf6 28. gxf6 Re8 29. Nxe5 Qf5+ 30. Ka1 Rxe5 31. Rxe5 Nxe5 32. Bxe5 Qxe5 33. d7 Bxd7 34. Qxd7 Qxf6 35. Rd6 Qf7 36. Qxf7+ Kxf7 37. Rd7+ Kf6 38. Rxb7 Ra5 39. Rb4 Kf5 40. Kb1 g5 41. hxg5 Kxg5 42. f3 a3 43. Rc4 axb2 44. Kxb2 h4 45. Rc1 h3 46. Rg1+ 1/2-1/2

[Event "GER-ch Seniors 13th"]
[Site "Dresden"]
[Date "2001.??.??"]
[Round "4"]
[White "Ousatchi, Mark"]
[Black "Brauner, Rudolf"]
[Result "1/2-1/2"]
[WhiteElo "2212"]
[BlackElo "2027"]
[PlyCount "77"]
[EventDate "2001.07.??"]
[EventType "swiss"]
[EventRounds "9"]
[EventCountry "GER"]
[SourceTitle "CBM 084 Extra"]
[Source "ChessBase"]
[SourceDate "2001.10.26"]
[SourceVersion "1"]
[SourceVersionDate "2001.10.26"]
[SourceQuality "1"]

1. d4 Nf6 2. c4 g6 3. Nc3 d5 4. Bg5 Ne4 5. cxd5 Nxg5 6. h4 Ne4 7. Nxe4 Qxd5 8. Nc3 Qa5 9. e3 h5 10. Bc4 Bg7 11. Qb3 0-0 12. Nf3 e6 13. Rd1 c6 14. 0-0 Na6 15. Ne4 Nc7 16. Neg5 Qb6 17. Qc2 Nd5 18. e4 Ne7 19. Rfe1 Bf6 20. Qd2 Qc7 21. e5 Bg7 22. Re4 c5 23. dxc5 Nf5 24. b4 b6 25. cxb6 Qxb6 26. a3 Bb7 27. Ree1 a5 28. Rb1 Bxf3 29. Nxf3 axb4 30. Qxb4 Qa7 31. Ra1 Rfb8 32. Qd2 Qa4 33. Qa2 Rb6 34. Re4 Qc6 35. Qe2 Rab8 36. Rd1 Qc5 37. Qd3 Ra8 38. Ra1 Rb2 39. Re2 1/2-1/2

[Event "GER-ch Seniors 12th"]
[Site "Bad Homburg"]
[Date "2000.08.05"]
[Round "8"]
[White "Brauner, Rudolf"]
[Black "Groenegress, Wilfried"]
[Result "0-1"]
[WhiteElo "2026"]
[BlackElo "2213"]
[PlyCount "78"]
[EventDate "2000.07.29"]
[EventType "swiss"]
[EventRounds "9"]
[EventCountry "GER"]
[SourceTitle "EXT 2002"]
[Source "ChessBase"]
[SourceDate "2001.11.25"]
[SourceVersion "1"]
[SourceVersionDate "2001.11.25"]
[SourceQuality "1"]

1. d4 Nf6 2. Nf3 e6 3. c4 Bb4+ 4. Bd2 Qe7 5. Nc3 Bxc3 6. Bxc3 Ne4 7. Qc2 f5 8. g3 0-0 9. e3 d6 10. Bg2 Nd7 11. 0-0 Nxc3 12. Qxc3 Nf6 13. Nd2 e5 14. f4 e4 15. b4 d5 16. Rfe1 dxc4 17. Nxc4 Nd5 18. Qb2 Qxb4 19. Qxb4 Nxb4 20. Rec1 Be6 21. Bf1 Nd5 22. Kf2 Rfc8 23. Na5 Rab8 24. Nc4 Nf6 25. h3 Kf8 26. Ne5 Ke7 27. a3 Nd7 28. Rc3 Nxe5 29. fxe5 Bd5 30. Be2 c6 31. g4 fxg4 32. hxg4 h6 33. g5 Rf8+ 34. Ke1 hxg5 35. Kd2 Rf2 36. Rcc1 Rh8 37. Rf1 Rhh2 38. Rxf2 Rxf2 39. Rf1 Rxe2+ 0-1

[Event "Hessen-ch Seniors"]
[Site "Frankfurt"]
[Date "2000.04.19"]
[Round "6"]
[White "Ullrich, Manfred"]
[Black "Brauner, Rudolf"]
[Result "0-1"]
[WhiteElo "2079"]
[BlackElo "2027"]
[PlyCount "100"]
[EventDate "2000.04.14"]
[EventType "swiss"]
[EventRounds "9"]
[EventCountry "GER"]
[SourceTitle "EXT 2001"]
[Source "ChessBase"]
[SourceDate "2000.11.22"]
[SourceVersion "1"]
[SourceVersionDate "2000.11.22"]
[SourceQuality "1"]

1. d4 Nf6 2. Nf3 e6 3. g3 b6 4. Bg2 Bb7 5. 0-0 Be7 6. c4 0-0 7. d5 exd5 8. Nh4 g6 9. cxd5 d6 10. Nc3 Nbd7 11. e4 Ne8 12. Bh6 Ng7 13. f4 a6 14. e5 Bxh4 15. gxh4 dxe5 16. fxe5 Qxh4 17. Bxg7 Kxg7 18. Re1 Rae8 19. Re4 Qg5 20. Qd4 Nxe5 21. h4 Qe7 22. Rf1 f6 23. Ref4 Bc8 24. Ne4 Bf5 25. Ng3 Bd3 26. Rd1 Qc5 27. Kh2 Qxd4 28. Rxd4 Bb5 29. Rc1 Rc8 30. Re1 Bd7 31. Ne2 Rfd8 32. Kg3 Bf5 33. Nc3 c5 34. Rd2 Rd6 35. Bh1 Rcd8 36. Ne2 g5 37. hxg5 fxg5 38. Nc3 Nd3 39. Rf1 Nf4 40. Ne4 Bxe4 41. Bxe4 h5 42. Rh1 Re8 43. Bf3 Kg6 44. Rdh2 h4+ 45. Rxh4 gxh4+ 46. Kxf4 Rf6+ 47. Kg4 Re3 48. Rh3 Rexf3 49. Rxf3 Rxf3 50. Kxf3 Kf5 0-1

[Event "Wch Seniors 09th"]
[Site "Gladenbach"]
[Date "1999.11.09"]
[Round "2"]
[White "Kahn, Manfred"]
[Black "Brauner, Rudolf"]
[Result "1/2-1/2"]
[WhiteElo "2231"]
[BlackElo "2047"]
[PlyCount "34"]
[EventDate "1999.11.07"]
[EventType "swiss"]
[EventRounds "11"]
[EventCountry "GER"]
[SourceTitle "EXT 2001"]
[Source "ChessBase"]
[SourceDate "2000.11.22"]
[SourceVersion "1"]
[SourceVersionDate "2000.11.22"]
[SourceQuality "1"]

1. d4 d6 2. c4 Nd7 3. Nf3 e5 4. Nc3 c6 5. g3 Qc7 6. Bg2 Ngf6 7. 0-0 g6 8. e4 Bg7 9. h3 0-0 10. Be3 Re8 11. d5 c5 12. Qd3 Nf8 13. a3 Bd7 14. Rfc1 Nh5 15. Nb5 Qb8 16. b4 a6 17. Nc3 b6 1/2-1/2

[Event "Bad Woerishofen Seniors op 15th"]
[Site "Bad Woerishofen"]
[Date "1999.??.??"]
[Round "6"]
[White "Brauner, Rudolf"]
[Black "Gensbauer, Viktor"]
[Result "1/2-1/2"]
[WhiteElo "1895"]
[BlackElo "1785"]
[PlyCount "39"]
[EventDate "1999.03.05"]
[EventType "swiss"]
[EventRounds "9"]
[EventCountry "GER"]
[SourceTitle "EXT 2006"]
[Source "ChessBase"]
[SourceDate "2005.11.24"]
[SourceVersion "1"]
[SourceVersionDate "2005.11.24"]
[SourceQuality "1"]

1. d4 Nf6 2. c4 e5 3. dxe5 Ne4 4. Nf3 Bb4+ 5. Bd2 Nxd2 6. Nbxd2 Nc6 7. a3 Bxd2+ 8. Qxd2 Qe7 9. g3 Nxe5 10. Nxe5 Qxe5 11. Bg2 d6 12. 0-0 0-0 13. Rac1 Re8 14. e3 Rb8 15. Rfd1 Bg4 16. f3 Bh5 17. e4 f6 18. b4 Bf7 19. Qd4 b6 20. Qxe5 1/2-1/2